Shub-e-na tamam : (Record no. 35348)

MARC details
000 -LEADER
fixed length control field 00413nam a22001457a 4500
005 - DATE AND TIME OF LATEST TRANSACTION
control field 20240313111617.0
008 - FIXED-LENGTH DATA ELEMENTS--GENERAL INFORMATION
fixed length control field 240313b |||||||| |||| 00| 0 eng d
082 ## - DEWEY DECIMAL CLASSIFICATION NUMBER
Classification number 491.439
Item number AKH-S
100 ## - MAIN ENTRY--AUTHOR
Author Name Akhtar Saeed Muddan
245 ## - TITLE STATEMENT
Title Shub-e-na tamam :
Remainder of title Navol / Afsanay ;
Statement of responsibility, etc. by Akhtar Saeed Muddan
260 ## - PUBLICATION, DISTRIBUTION, ETC.
Place of Publication Pakistan :
Name of publisher, distributor, etc. Al-Quraishi ;
Date of publication, distribution, etc. 2021 .
300 ## - PHYSICAL DESCRIPTION
Pages 464 p. :
650 ## - SUBJECT ADDED ENTRY--TOPICAL TERM
Subject / Department Literature
300 ## - PHYSICAL DESCRIPTION
-- 24 cm .
952 ## - LOCATION AND ITEM INFORMATION (KOHA)
-- 0
-- 0
Holdings
Lost status Damaged status Collection code Permanent Location Current Location Shelving Location Date acquired Full Call Number Accession No./Barcode Date last seen item type Koha item type
    Literature/Urdu/eng/Islamic Superior Information Resource Center (SIRC) Superior University- Central Library Superior Information Resource Center (SIRC) Superior University- Central Library Literature 03/13/2024 439.439 AKH-S 2021 29116 09/22/2025 BOOK BOOK

Powered by Koha